Monsieur Honda : tel qu'il s'est raconté à Yves Derisbourg

Na minha lista:
Detalhes bibliográficos
Autor principal: Soichiro, Honda
Formato: Livro
Idioma:Undetermined
Publicado em: Paris R. Laffont 1993
Assuntos:
Tags: Adicionar Tag
Sem tags, seja o primeiro a adicionar uma tag!
Thư viện lưu trữ: Trung tâm Học liệu Trường Đại học Cần Thơ
LEADER 00607nam a2200205Ia 4500
001 CTU_87087
008 210402s9999 xx 000 0 und d
082 |a 338.8 
082 |b S683 
100 |a Soichiro, Honda 
245 0 |a Monsieur Honda : 
245 0 |b tel qu'il s'est raconté à Yves Derisbourg 
245 0 |c Soichiro Honda 
260 |a Paris 
260 |b R. Laffont 
260 |c 1993 
650 |a Corporations,Corporations,Honda Giken Kōgyō Kabshiki Kisha,Automobile industry and trade 
650 |x Japan 
904 |i Ngoc 
980 |a Trung tâm Học liệu Trường Đại học Cần Thơ